00787nam a2200253 a 4500001001300000003000900013005001700022008004100039020001000080082001400090100001600104245005100120260003300171300000900204500003500213505002800248650002300276700001600299902000800315942000700323952009400330952009400424999001500518nice12345678IN_TiNIC20260116011859.0050524s1935 beia grp 000 0 eng  ac10000a244bLEV1 aLevonian, L aWoodbrooke Tracs, Tracts on Religion and Moral aBeirutbAmerican Pressc1935 a213p aincludes index and biblioraphy2 aHand Written Manuscript aChristianity-Moral1 aLevonian, L bRBA cBK 00104070aHMIbHMId2016-04-22g100.00l0o244 LEV1p2079r0000-00-00w2026-01-16yARB 00104070aHMIbHMId2016-04-22g100.00l0o244 LEV1p5061r0000-00-00w2026-01-16yARB c4668d4668